Statistics for Guess the Taylor Swift song by the lyrics MEDIUM

Click here to take the quiz!

General Stats

  • This quiz has been taken 50 times
  • The average score is 100 of 210

Answer Stats

Answer% Correct
I
98%
You
98%
you
98%
A
93%
a
93%
The
89%
we
84%
We
84%
It
77%
my
77%
no
77%
and
75%
And
75%
be
75%
to
75%
were
75%
of
70%
so
70%
who
70%
love
68%
In
66%
in
66%
are
64%
on
64%
what
61%
don’t
59%
not
59%
I’m
57%
it’s
57%
was
55%
some
52%
been
50%
but
50%
But
50%
go
50%
just
50%
see
48%
think
48%
one
45%
with
45%
had
43%
I’ll
43%
our
43%
out
41%
back
36%
there’s
36%
friends
34%
Glitch
34%
glitch
34%
I’d
34%
supposed
34%
even
32%
someone
32%
live
30%
stitch
30%
that’s
30%
days
27%
down
27%
Five
27%
sorry
27%
kind
25%
later
25%
Nights
25%
part
25%
seconds
25%
Depending
23%
maybe
23%
mood
23%
must
23%
myself
23%
ship
23%
situation
23%
system
23%
thought
23%
town
23%
weekend
23%
what’s
23%
blood
20%
nothing
20%
blackout
18%
counterfeit
18%
dance
18%
fastening
18%
hundred
18%
moonlit
18%
search
18%
starry
18%
sweat
18%
thousand
18%
two
18%
brief
16%
else’s
16%
give
16%
glorious
16%
playground
16%
romance
16%
90
14%
breaking
14%
chance
14%
happenings
14%
happenstance
14%
interruption
14%
let’s
14%
malfunction
14%
slight
14%
system’s
14%
wanting
14%
dudes
7%

Score Distribution

Percentile by Number Answered

Percent of People with Each Score

Your Score History

You have not taken this quiz